| 000 | 00598nam a22002057a 4500 | ||
|---|---|---|---|
| 003 | OSt | ||
| 005 | 20140310181924.0 | ||
| 008 | 130719t xxu||||| |||| 00| 0 eng d | ||
| 050 |
_aMT 182 _b.R724 1965 |
||
| 082 |
_aTR 786.59 _bR63 1965 |
||
| 100 |
_aRogers, Ethel Tench _92112 |
||
| 245 |
_aPro Art all organ technic. Book 1 / _cRogers, Ethel Tench; Russell, Olive Nelson. |
||
| 260 |
_aNew York : _bPro Art, _cc1965. |
||
| 300 |
_a16 p. : _bill. ; _c30 cm. |
||
| 521 | _aFaculty | ||
| 541 | _j1 | ||
| 562 | _e1 | ||
| 650 |
_aElectric Organ _xMethods. _92113 |
||
| 942 |
_2lcc _cBK-TR _kTR |
||
| 999 |
_c7116 _d7116 |
||